00680nam a2200181 a 450000100100000000500170001000800410002702000150006804000250008324500340010826000460014230000210018850000730020971000850028204900090036795201050037699900170048100003435320200930073644.0111003s1973 pr 000 0 spa d a8439904584 aDO-SdBNPbspacBNPHU00aLecturas hispanoamericanas /. aNew York :bPlaza Mayor Ediciones,c1973. a301 p. ;c23 cm. aIncluye referencias bibliográficas y notas al pie de las páginas1 aDepartamento de Español de la Universidad Interamericana de Puerto Rico959779 aBNPD 001050718MOaGRbGRcCTd2011-10-03iLF1l0o p34353-10r2020-06-25w2020-06-25y1ZNo se presta c33844d33844